<?xml version="1.0" encoding="UTF-8"?>
<collection xmlns="http://www.loc.gov/MARC21/slim">
  <record>
    <leader>00000nam  2200000   4500</leader>
    <controlfield tag="001">INLIS000000000018352</controlfield>
    <controlfield tag="005">20241106085611</controlfield>
    <datafield tag="035" ind1="#" ind2="#">
      <subfield code="a">0010-1124000018</subfield>
    </datafield>
    <controlfield tag="007">ta</controlfield>
    <controlfield tag="008">241106################g##########0#eng##</controlfield>
    <datafield tag="020" ind1="#" ind2="#">
      <subfield code="a">0 00 370022 4</subfield>
    </datafield>
    <datafield tag="082" ind1="#" ind2="#">
      <subfield code="a">428</subfield>
    </datafield>
    <datafield tag="084" ind1="#" ind2="#">
      <subfield code="a">428 JOR c</subfield>
    </datafield>
    <datafield tag="100" ind1=" " ind2="#">
      <subfield code="a">Jordan, R R</subfield>
    </datafield>
    <datafield tag="245" ind1="1" ind2="#">
      <subfield code="a">Case Studies in ELT /</subfield>
      <subfield code="c">R R Jordan</subfield>
    </datafield>
    <datafield tag="260" ind1="#" ind2="#">
      <subfield code="a">England :</subfield>
      <subfield code="b">William Collins Son and Co.,</subfield>
      <subfield code="c">1983</subfield>
    </datafield>
    <datafield tag="300" ind1="#" ind2="#">
      <subfield code="a">256 halaman :</subfield>
      <subfield code="b">ilus ;</subfield>
      <subfield code="c">21,5 cm</subfield>
    </datafield>
    <datafield tag="650" ind1="#" ind2="4">
      <subfield code="a">Language Learning</subfield>
    </datafield>
    <datafield tag="520" ind1="#" ind2="#">
      <subfield code="a">The articles in this book comprise a lively and varied set of detailed case studies, portraying both EFL and ESL situations, experienced at first hand by twenty-four prominent specialists in the field.&#13;
&#13;
Six sections cover learning, teaching, testing, syllabus design, materials production and teacher-training. The articles are wide-ranging, both in terms of the types of learner they describe and the situations they represent. The studies cover ELT in schools, college, universities and language schools, with examples drawn from Britain, Europe, Africa and Asia.&#13;
&#13;
Because the contributors are all writing from personal experience, the themes they elaborate are highly accessible and practical. Numerous themes recur-the importance of needs analysis, the role of learner-centred methods and materials, the need to give language practice a definable purpose. Readers will undoubtedly identify with many of the problems and solutions referred to, making Case Studies in ELT an invaluable source of information and ideas.</subfield>
    </datafield>
    <datafield tag="990" ind1="#" ind2="#">
      <subfield code="a">22182</subfield>
    </datafield>
  </record>
</collection>
